Věda a technika v řízení

Bibliographic Details
Main Author: Jirásek, Jaroslav (Author)
Format: Article
Language:Czech
Subjects:

MARC

LEADER 00000nab a2200000 a 4500
001 vtls000195084
003 SK-MaSNL
005 20260302205829.0
008 160201c1984 xo 0 cze
015 |a SNBRA19rr/mm-uuuuu 
035 |a CL0205197 
040 |a SNKBUCL  |b slo  |c SNKBUCL  |e AACR2 
041 0 |a cze 
044 |a xo  |c SK 
080 |a 001.3:331.83  |2 1981 
080 |a 331.83  |2 1981 
100 1 |a Jirásek, Jaroslav  |4 aut  |9 518545 
245 1 0 |a Věda a technika v řízení  |c Jaroslav Jirásek 
650 0 7 |a riadenie  |2 snkbucl  |9 924 
650 0 7 |a veda  |2 snkbucl  |9 1599 
650 0 7 |a technika  |2 snkbucl  |9 671 
650 0 7 |a vedecko-technický rozvoj  |2 snkbucl  |9 3999 
655 7 |a články zo zborníkov  |2 snkbucl  |9 166140 
773 0 |t Využívanie vedy a techniky v riadení sociálnych systémov organizácií  |d Bratislava : Dom techniky ČSVTS, 1984 
850 |a Slovenská národná knižnica v Martine  |a MTA001 
852 |a SNK  |b KIS3GCP 
958 |a RK 
958 |a CZ 
992 |a RZB 
999 |c 1479634  |d 1481564